| 000 | 01480nam a22001697a 4500 | ||
|---|---|---|---|
| 008 | 110728s2007 ua|||||r|||| 00| 0 ara d | ||
| 082 |
_222 _a382.09620625 _bم س ت |
||
| 111 |
_926483 _aمستقبل التكامل المصري السوداني في ظل الأوضاع والتحديات الراهنة _cمعهد البحوث و الدراسات الأفريقية، جامعة القاهرة _dالأحد - الإثنين 29-30 أكتوبر2007 |
||
| 245 |
_aمستقبل التكامل المصري السوداني في ظل الأوضاع والتحديات الراهنة : _bأعمال المؤتمر الذي نظمه مركز البحوث الأفريقية بالتعاون مع حزب المؤتمر الوطني السوداني بقاعة المؤتمرات الكبرى بمعهد البحوث والدراسات الأفريقية جامعة القاهرة. الأحد -الاثنين 29-30 أكتوبر 2006 / _cجامعة القاهرة |
||
| 260 |
_aالقاهرة : _b2007، الجامعة _c2007 |
||
| 300 |
_a611 ص ؛ _c22 سم |
||
| 504 | _aيشتمل على إرجاعات ببليوجرافية ص 606-611 | ||
| 651 |
_926486 _aمصر _xالعلاقات الاقتصادية _zالسودان |
||
| 700 |
_926485 _aأبو العينين ، محمود _eتحرير |
||
| 942 |
_2ddc _cBB |
||
| 999 |
_c15759 _d15759 |
||